000 01491nam a22002651i 4500
001 000030450
003 RuMoIPM
005 20260430104115.0
008 130415s1955----ur | c rus
040 _aRuMoIPM
_brus
_ercr
041 0 _arus
080 _a51(092)
080 _a53(092)
245 1 _aПамяти Александра Александровича Андронова
_b[Сборник статей]
_cРед. коллегия: акад. М. А. Леонтович [и др.]
260 _aМосква
_bИзд-во АН СССР
_c1955
300 _a719 с., [3] л. портр.
_bил.
500 _aВступ. статьи: Г.С. Горелик. "Жизнь и труды А.А. Андронова" и М.А. Айзерман. "Обзор деятельности А.А. Андронова в области автоматического регулирования"
500 _aВ надзаг.: Акад. наук СССР
504 _aСписок работ А.А. Андронова с аннотациями: с. 33-42 (50 назв.), и библиогр. в конце ст.
600 1 _aАндронов, Александр Александрович
_cст.
_d1901–1952
700 1 _aАйзерман, Марк Аронович
_eавт. вступ. ст.
700 1 _aГорелик, Габриэль Симонович
_eавт. вступ. ст.
700 1 _aЛеонтович, Михаил Александрович
_eред.
942 _cBK
999 _c30450
_d30450